AIQS building cost index (Record no. 84747)
[ view plain ]
| 000 -LEADER | |
|---|---|
| fixed length control field | 00869cam a22001935a 4500 |
| 001 - CONTROL NUMBER | |
| control field | L158953 |
| 008 - FIXED-LENGTH DATA ELEMENTS--GENERAL INFORMATION | |
| fixed length control field | 100416s2015 xxkd f 000 0 eng d |
| 035 ## - SYSTEM CONTROL NUMBER | |
| System control number | (Sirsi) u158953 |
| 041 0# - LANGUAGE CODE | |
| Language code of text/sound track or separate title | eng |
| 245 00 - TITLE STATEMENT | |
| Title | AIQS building cost index |
| Remainder of title | March 2015 |
| 260 ## - PUBLICATION, DISTRIBUTION, ETC. | |
| Name of publisher, distributor, etc. | AIQS |
| Date of publication, distribution, etc. | 2015 |
| 490 ## - SERIES STATEMENT | |
| Series statement | Building Economist |
| Volume/sequential designation | SEP 2015, A1-C3 (32) |
| 520 ## - SUMMARY, ETC. | |
| Summary, etc. | This Australian Institute of Quantity Surveyors Building Cost Index shows long-term fluctuations in general building costs in the various capital cities across Australia. The figures do not represent any specific type of project, nor are they likely to be indicative of very large or very small projects. The most recent index figures are based on the results from the BRIX surveys. |
| 590 ## - LOCAL NOTE (RLIN) | |
| Local note | KA |
| 650 24 - SUBJECT ADDED ENTRY--TOPICAL TERM | |
| Topical term or geographic name entry element | AIQS BUILDING COST INDEX |
| 651 #4 - SUBJECT ADDED ENTRY--GEOGRAPHIC NAME | |
| Geographic name | Australia |
| 690 ## - LOCAL SUBJECT ADDED ENTRY--TOPICAL TERM (OCLC, RLIN) | |
| Topical term or geographic name as entry element | BUILT ENVIRONMENT-BUILDING COSTS |
| 942 ## - ADDED ENTRY ELEMENTS (KOHA) | |
| Suppress in OPAC | 0 |
| Withdrawn status | Lost status | Source of classification or shelving scheme | Damaged status | Not for loan | Home library | Current library | Shelving location | Date acquired | Total Checkouts | Full call number | Barcode | Date last seen | Copy number | Price effective from | Koha item type |
|---|---|---|---|---|---|---|---|---|---|---|---|---|---|---|---|
| Dewey Decimal Classification | London | London | Journal article | 28/10/2015 | L158953 | 158953-1001 | 06/08/2019 | 1 | 06/08/2019 | Journal article |